000 00326cam a22001097a 4500
008 180718b1993 xxu||||| |||| 00| 0 eng d
082 _aL237x54 M/1993
245 _aWealth tax manual
_cby Income Tax Department, India
260 _aDelhi
_bIncome Tax Department
_c1993
300 _a321+p.
700 _aIndia. Income Tax Department
999 _c500511
_d500511